003940000a2200133000450024500360000065000150003665000350005165000140008665000280010065100130012804100140014110000230015577300820017810aExplotación minera sostenible14aGeología14aUso sostenible de los recursos14aMinería14aActividades extractivas 4pColombia0 aEspañol1 aRoa, Edgar Enrique1 tSexto Encuentro Latinoamericano de la Arcilla y la Ceramica3110q1-18d1997?